Emulsions theory and practice

Đã lưu trong:
Bibliografiske detaljer
Hovedforfatter: Becher, Paul
Format: Bog
Sprog:Undetermined
Udgivet: American chemical society 2001
Tags: Tilføj Tag
Ingen Tags, Vær først til at tagge denne postø!
Thư viện lưu trữ: Trung tâm Học liệu Trường Đại học Cần Thơ
LEADER 00463nam a2200169Ia 4500
001 CTU_49597
008 210402s9999 xx 000 0 und d
082 |a 660.294514 
082 |b B391 
100 |a Becher, Paul 
245 0 |a Emulsions theory and practice 
245 0 |c Paul Becher 
260 |b American chemical society 
260 |c 2001 
526 |a Hóa học ứng dụng 
526 |b TN300 
980 |a Trung tâm Học liệu Trường Đại học Cần Thơ